[Event "Oberfranken-ch"]
[Site "Schney"]
[Date "2020.01.05"]
[Round "6"]
[White "Moenius, Alexander"]
[Black "Schuepferling, Andreas"]
[Result "1/2-1/2"]
[WhiteElo "1877"]
[BlackElo "1941"]
[PlyCount "29"]
[EventDate "2020.01.03"]
[EventType "swiss"]
[EventRounds "7"]
[EventCountry "GER"]
[SourceTitle "CBM 194 Extra"]
[Source "ChessBase"]
[SourceDate "2020.03.31"]
[SourceVersion "1"]
[SourceVersionDate "2020.03.31"]
[SourceQuality "1"]

1. d4 d5 2. Bf4 Bf5 3. e3 e6 4. c4 c6 5. Nc3 dxc4 6. Bxc4 Nf6 7. Nf3 Nbd7 8. 0-0 Nb6 9. Bb3 h6 10. Re1 Be7 11. e4 Bh7 12. a3 0-0 13. Qd2 Re8 14. Rad1 Bf8 15. Ne5 1/2-1/2

[Event "Oberfranken-ch"]
[Site "Schney"]
[Date "2019.01.03"]
[Round "2"]
[White "Jacob, Karl Heinz"]
[Black "Schuepferling, Andreas"]
[Result "1/2-1/2"]
[WhiteElo "1690"]
[BlackElo "1972"]
[PlyCount "43"]
[EventDate "2019.01.03"]
[EventType "swiss"]
[EventRounds "7"]
[EventCountry "GER"]
[SourceTitle "CBM 188 Extra"]
[Source "ChessBase"]
[SourceDate "2019.02.28"]
[SourceVersion "1"]
[SourceVersionDate "2019.02.28"]
[SourceQuality "1"]

1. Nf3 Nf6 2. c4 c6 3. g3 d5 4. cxd5 cxd5 5. d4 Nc6 6. Bg2 e6 7. 0-0 Be7 8. a3 b5 9. b4 a5 10. Ne5 Nxe5 11. dxe5 Nd7 12. Bb2 axb4 13. e4 Nb6 14. axb4 Rxa1 15. Bxa1 Bb7 16. exd5 Bxd5 17. Nc3 Qd7 18. Nxd5 Nxd5 19. Bxd5 Qxd5 20. Qxd5 exd5 21. Rd1 Kd7 22. Rxd5+ 1/2-1/2

[Event "Oberfranken-ch"]
[Site "Schney"]
[Date "2016.01.05"]
[Round "5"]
[White "Brunsch, Michael"]
[Black "Schuepferling, Andreas"]
[Result "1/2-1/2"]
[WhiteElo "2076"]
[BlackElo "1884"]
[PlyCount "66"]
[EventDate "2016.01.03"]
[EventType "swiss"]
[EventRounds "7"]
[EventCountry "GER"]
[SourceTitle "CBM 170 Extra"]
[Source "ChessBase"]
[SourceDate "2016.02.25"]
[SourceVersion "1"]
[SourceVersionDate "2016.02.25"]
[SourceQuality "1"]

1. Nf3 Nf6 2. c4 c6 3. e3 d5 4. b3 Bg4 5. Bb2 Nbd7 6. Qc2 e6 7. Be2 Be7 8. d3 b6 9. Nbd2 dxc4 10. bxc4 0-0 11. h3 Bxf3 12. Bxf3 Qc7 13. g4 Ne8 14. h4 f5 15. gxf5 exf5 16. Ke2 Ne5 17. Bxe5 Qxe5 18. Bxc6 Rd8 19. Nf3 Qf6 20. Bxe8 Rfxe8 21. Rad1 Bc5 22. Rhg1 Rd7 23. Rg5 h6 24. Rgg1 Qf7 25. Rh1 Qh5 26. Qa4 Ree7 27. Rhf1 a5 28. Qc2 Rd6 29. Qb2 Bd4 30. Qb3 Kh8 31. Qb5 Rde6 32. Rfe1 Bc3 33. Rf1 Bd4 1/2-1/2

[Event "Oberfranken-ch"]
[Site "Schney"]
[Date "2016.01.04"]
[Round "4"]
[White "Schuepferling, Andreas"]
[Black "Rahn, Manfred"]
[Result "1-0"]
[WhiteElo "1884"]
[BlackElo "1719"]
[PlyCount "105"]
[EventDate "2016.01.03"]
[EventType "swiss"]
[EventRounds "7"]
[EventCountry "GER"]
[SourceTitle "CBM 170 Extra"]
[Source "ChessBase"]
[SourceDate "2016.02.25"]
[SourceVersion "1"]
[SourceVersionDate "2016.02.25"]
[SourceQuality "1"]

1. e4 c5 2. Nf3 d6 3. d4 cxd4 4. Nxd4 Nf6 5. Bd3 Nc6 6. c3 g6 7. 0-0 Bg7 8. Nd2 Bd7 9. N4f3 0-0 10. Qe2 a6 11. Re1 Ng4 12. a4 Nge5 13. Nxe5 Nxe5 14. Nc4 Nxd3 15. Qxd3 b5 16. Ne3 bxa4 17. Nd5 Re8 18. Bg5 h6 19. Be3 Rb8 20. Qd2 Rb3 21. Bxh6 Bxh6 22. Qxh6 Rxb2 23. h4 e6 24. Nf4 Qf6 25. Re3 e5 26. Nd3 Rb7 27. Rg3 Qh8 28. Qg5 Kf8 29. Nb4 Re6 30. Nxa6 Qf6 31. Qh6+ Qg7 32. Qg5 Qf6 33. Qh6+ Qg7 34. Qe3 Rf6 35. Nb4 Rf4 36. Qd2 Rxh4 37. Qxd6+ Kg8 38. f3 Qh6 39. Kf2 Qf4 40. Rd1 Be6 41. Qd8+ Kg7 42. Nd3 Qf6 43. Qd6 Rxe4 44. Qc6 Rc4 45. Qxb7 Rxc3 46. Qe4 Rc2+ 47. Kg1 Qd8 48. Qxe5+ Kg8 49. Rxg6+ fxg6 50. Qxe6+ Kh7 51. Nf2 Rd2 52. Qf7+ Kh8 53. Re1 1-0

[Event "Oberfranken-ch"]
[Site "Schney"]
[Date "2015.01.03"]
[Round "1"]
[White "Grosshans, Ralf Michael"]
[Black "Schuepferling, Andreas"]
[Result "1-0"]
[WhiteElo "2124"]
[BlackElo "1884"]
[PlyCount "67"]
[EventDate "2015.01.03"]
[EventType "swiss"]
[EventRounds "7"]
[EventCountry "GER"]
[SourceTitle "CBM 164 Extra"]
[Source "ChessBase"]
[SourceDate "2015.03.02"]
[SourceVersion "1"]
[SourceVersionDate "2015.03.02"]
[SourceQuality "1"]

1. e4 c5 2. Nc3 e6 3. Nge2 Nc6 4. g3 b6 5. Bg2 Bb7 6. 0-0 d6 7. f4 Nge7 8. f5 e5 9. f6 gxf6 10. Rxf6 Bg7 11. Rf2 0-0 12. d3 Nd4 13. g4 Nxe2+ 14. Qxe2 Ng6 15. Nd5 Bxd5 16. exd5 Nf4 17. Bxf4 exf4 18. Rxf4 Bxb2 19. Raf1 a5 20. Be4 Ra7 21. Qg2 f6 22. Kh1 Rg7 23. Qh3 b5 24. g5 Qe7 25. gxf6 Rxf6 26. Qc8+ Kf7 27. Bf5 Be5 28. R4f3 Rg5 29. Be6+ Kg7 30. Qg8+ Kh6 31. Rh3+ Rh5 32. Rxh5+ Kxh5 33. Qg4+ Kh6 34. Qh4+ 1-0